01805cam a2200517 i 450000100060000000300090000600500170001500800390003202000150007104000280008604500170011404600090013108000180014008000140015808000150017208000140018724502330020125000150043426000560044930000290050533600270053433700540056133800280061538000160064338000230065938800140068238800140069650400480071064800190075864800190077765000410079665000290083765000320086665000250089865000210092365100090094465500220095365500140097565800130098970000330100270000340103570000300106970000490109971000410114885600980118935607KOSZ 00520240905091522.0230406s1989 pl g 001 0 pol a8301094508 aWA NcWA NdKOSZ 005/RW bd1939bd1945 k1989 a94(438).082.5 a314.151.1 a343.81/.84 a94(47+57)00aDeportacje i przemieszczenia ludności polskiej w głąb ZSRR 1939-1945 :bprzegląd piśmiennictwa /credakcja naukowa Tadeusz Walichnowski ; [wybór i opracowanie Grażyna Doktór, Kazimierz Podhorski, Teresa Staliś]. aWydanie I. aWarszawa :bPaństwowe Wydawnictwo Naukowe,c1989. a301, [2] stron ;c20 cm. aTekstbtxt2rdacontent aBez urządzenia pośredniczącegobn2rdamedia aWoluminbnc2rdacarrier aKsiążki aPublikacje naukowe1 a1901-20001 a1989-2000 aBibliografia na stronach 289-[295]. Indeks. 7a1901-20002DBN 7a1939-19452DBN 7aII wojna światowa (1939-1945)2DBN 7aPolacy za granicą2DBN 7aPrzestępstwo wojenne2DBN 7aWięziennictwo2DBN 7aWysiedlanie2DBN 7aZSRR 7aBibliografia2DBN 7aDokumenty aHistoria1 aDoktór, GrażynaeWybór1 aPodhorski, KazimierzeWybór1 aStaliś, TeresaeWybór1 aWalichnowski, Tadeuszd(1928-2005)eRedakcja2 aPaństwowe Wydawnictwo Naukowe4pbl uhttp://koha.tu.koszalin.pl/cgi-bin/koha/opac-detail.pl?biblionumber=35607yKatalog online BPK